Filosofía y Doctrina del Estadolibrismo Puertorriqueño
Tallennettuna:
| Päätekijä: | |
|---|---|
| Aineistotyyppi: | Teksti |
| Julkaistu: |
San Juan:
Homines
|
| Tagit: |
Lisää tagi
Ei tageja, Lisää ensimmäinen tagi!
|
MARC
| LEADER | 00000 a a2200000 04500 | ||
|---|---|---|---|
| 001 | 22772 | ||
| 003 | |||
| 040 | |||
| 020 | |a 0-9623590-6-8 | ||
| 090 | |a 155900 | ||
| 100 | |a Fernós Isern, Antonio | ||
| 245 | |a Filosofía y Doctrina del Estadolibrismo Puertorriqueño | ||
| 260 | |a San Juan: |b Homines | ||
| 300 | |a 220 p | ||
| 999 | |c 15208 |d 15208 | ||



